00384nam a22000977a 4500082001200000100003200012245010600044260004100150650002500191700007000216 a200 THE aMuhammad Irtaza Nawaz Tarar aTH-SOF-1740-Automated Summarizing of Bug reports to Speed-up Software Development/Maintenance Process aISLAMABADbNUST COLLEGE OF EMEc2020 a MS-CSE-17 MSTHESIS aSupervisor Dr. Wasi Haider Butt Co-Supervisor Dr. Moazzam Khattak